Ju li fu de gu shi (mei hui dian cang ban) = The story of Marie Curie

Bibliographic Details
Main Author: Duo Li
Format: Book
Published: Beijing : Beijing Daily Publishing House , 2016
Subjects:

MARC

LEADER 00000cam a2200000 7i4500
001 0000223036
005 20250812155549.0
020 |a 9787547720660 
090 0 0 |a JFM   |b DUO 
100 0 |a Duo Li 
245 1 0 |a Ju li fu de gu shi (mei hui dian cang ban) = The story of Marie Curie   |c Duo Li 
260 |a Beijing :   |b Beijing Daily Publishing House ,   |c 2016 
300 |a 151p. ;   |c 24cm. 
650 0 |a Children's stories, Chinese 
650 0 |a Chinese fiction 
650 0 |a Chinese language 
999 |a 00339562   |b BUKU   |c JUNIOR FICTION MANDARIN COLLECTION   |e PERPUSTAKAAN KOMUNITI PETALING JAYA